000 00902nam a2200265 i 4500
003 CO-BoRNBP
005 20250204102145.0
007 ta
008 240801s2011 ck a|||| |||| 00| 0 spa d
022 _a9789583036491
040 _aCO-BoRNBP
_bspa
_cCO-BoRNBP
_drda
041 1 _aspa
_haus
084 _aC ROJ
245 1 _aMi tesoro
_bCuentos de cinco minutos/
_cIlustraciones, Brijbasi; traducción, Lina Rojas Camargo; edición, Javier R. Mahecha López
250 _aPrimera edición
264 1 _aBogotá, Colombia
_bPanamericana
_c2011
300 _a192 páginas
_bilustraciones a color
_c28cm
336 _2rdacontent
_atexto
_btxt
337 _2rdamedia
_asin mediación
_bn
338 _2rdacarrier
_avolumen
_bnc
650 1 7 _2LEMB
_aLiteratura infantil
_92746
650 1 7 _2LEMB
_acuentos infantiles australianos
_925916
650 1 7 _2LEMB
_aimaginación/aventura/suspenso
942 _2ddc
_cBKINF
999 _c38273
_d38273